Algunas orientaciones curriculares para la educación intercultural bilingüe en contextos mapuches

保存先:
書誌詳細
主要な著者: Opazo Jorquera, Marlene (autora), Huentecura Curiqueo, Jorge (著者), Hernández Sallés, Arturo (著者), Quidel Lincoleo, José (著者)
フォーマット: 図書
言語:スペイン語
アラウカン語
出版事項: Santiago Ministerio de Educación 2002
主題:
タグ: タグ追加
タグなし, このレコードへの初めてのタグを付けませんか!

MARC

LEADER 00000nam a2200000 a 4500
001 UCM8232
003 CL-VaPUC
008 030228e20020000CL |||||||||||||||||spa|d
041 0 7 |a spa  |2 CL-VaPUC 
041 0 7 |a arn  |2 CL-VaPUC 
082 0 4 |a 498.8  |b OPA  |2 21 
100 |a Opazo Jorquera, Marlene  |e autora  |9 474216 
700 0 |a Huentecura Curiqueo, Jorge  |e author  |9 474217 
700 |a Hernández Sallés, Arturo  |e author  |9 541683 
700 0 |a Quidel Lincoleo, José  |e author  |9 474219 
245 1 0 |a Algunas orientaciones curriculares para la educación intercultural bilingüe en contextos mapuches 
300 |a 65 p 
942 |c BK 
945 |d 20030228 00:00:00  |a cmena 
260 |a Santiago  |b Ministerio de Educación  |c 2002 
650 0 |a Educación lingüística  |9 306506 
650 0 |a Bilingüismo  |9 307482 
650 7 |a MAPUDUNGUN  |2 CL-VaPUC  |9 414435 
650 0 |a Métodos de enseñanza  |9 270413 
650 0 |a Educación básica   |9 224933 
650 0 |a Planificación del currículo  |9 269599 
583 |a last modification  |c 20030228 00:00:00  |k Rodrigo Vera 
999 |c 302809  |d 302807 
952 |0 0  |1 0  |4 0  |6 498_800000000000000_OPA_2002  |7 0  |8 P  |9 363565  |a BIBEDU  |b BIBEDU  |c BIBEDU_PB  |d 2019-11-21  |i 3880281  |o 498.8 OPA 2002  |p 3880281  |r 2024-01-25  |w 2019-11-21  |y BK  |k EPE 
952 |0 0  |1 0  |4 0  |6 498_800000000000000_OPA_2002  |7 0  |8 X  |9 363566  |a FDOMLP  |b FDOMLP  |d 2019-11-21  |i 3901408  |o 498.8 OPA 2002  |p 3901408  |r 2019-11-21  |w 2019-11-21  |y BK_X  |k BU2 
952 |0 0  |1 0  |4 0  |6 498_800000000000000_OPA_2002  |7 0  |8 P  |9 363567  |a BIBEDU  |b BIBEDU  |c BIBEDU_PB  |d 2019-11-21  |i 4174135  |o 498.8 OPA 2002  |p 4174135  |r 2024-01-25  |w 2019-11-21  |y BK  |k EBA 
952 |0 0  |1 0  |4 0  |6 498_800000000000000_OPA_2002  |7 0  |8 P  |9 363568  |a BIBEDU  |b BIBEDU  |c BIBEDU_PB  |d 2019-11-21  |i 4284380  |o 498.8 OPA 2002  |p 4284380  |r 2024-01-25  |w 2019-11-21  |y BK  |k EPE 
952 |0 0  |1 0  |4 0  |6 498_800000000000000_OPA_2002  |7 0  |8 P  |9 363569  |a BIBEDU  |b BIBEDU  |c BIBEDU_PB  |d 2019-11-21  |i 4299116  |o 498.8 OPA 2002  |p 4299116  |r 2024-01-25  |w 2019-11-21  |y BK  |k EBA 
952 |0 0  |1 0  |4 0  |6 498_800000000000000_OPA_2002  |7 0  |8 A  |9 363570  |a BIBHIS  |b BIBHIS  |d 2019-11-21  |i 4591038  |o 498.8 OPA 2002  |p 4591038  |r 2025-01-20  |w 2019-11-21  |y BK  |k HIS